000 00601nam a2200229Ia 4500
003 OSt
005 20220918181816.0
006 a|||||r|||| 00| 0
007 ta
008 220917b |||||||| |||| 00| 0 eng d
024 _a28,689
037 _cTextual
040 _aARTS
_cARTS
_beng
041 _2eng
_aeng
082 _aO111,1(S:55)x, L8
100 _aLegman G ed
_959301
245 0 _aMore limericks
260 _aNew York
_bBell Pub U. S. A.
_c1978
650 _aENGLISH LITERATURE
942 _hO111,1(S:55)x, L8
_cTEXL
_2CC
999 _c166915
_d166915